|
|
|
|
| LEADER |
00000nas a2200000 a 4500 |
| 001 |
ssj0001822 |
| 003 |
WaSeSS |
| 005 |
20200512172242.0 |
| 006 |
m d |
| 007 |
cr n |
| 008 |
960820d19uu1996fluqr pss 0 0eng c |
| 010 |
|
|
|a sn 96030165
|
| 022 |
|
|
|y 0897-2249
|
| 035 |
|
|
|a (WaSeSS)ssj0001822
|
| 040 |
|
|
|a GUA
|b eng
|c GUA
|d OCL
|d GUA
|d OCLCQ
|d OCLCO
|d OCLCQ
|d OCLCF
|d OCLCO
|d OCLCQ
|d VT2
|d WaSeSS
|
| 042 |
|
|
|a pcc
|
| 050 |
1 |
4 |
|a GC1
|
| 130 |
0 |
|
|a Sea frontiers (Virginia Key, Fla. : 1988 : Online)
|
| 245 |
1 |
0 |
|a Sea frontiers
|h [electronic resource].
|
| 260 |
|
|
|a Miami, FL :
|b International Oceanographic Foundation,
|c -1996.
|
| 310 |
|
|
|a Quarterly
|
| 362 |
0 |
|
|a -v. 42, no. 1 (spring 1996).
|
| 506 |
|
|
|a License restrictions may limit access.
|
| 515 |
|
|
|a Issue for spring 1996 also called Farewell issue.
|
| 538 |
|
|
|a Mode of access: World Wide Web.
|
| 550 |
|
|
|a A publication of the International Oceanographic Foundation and the University of Miami Rosenstiel School of Marine and Atmospheric Science.
|
| 588 |
|
|
|a Description based on: Vol. 41, no. 1 (spring 1995); title from title screen.
|
| 650 |
|
0 |
|a Oceanography
|v Periodicals.
|
| 650 |
|
7 |
|a Oceanography.
|2 fast
|0 (OCoLC)fst01043671
|
| 655 |
|
0 |
|a Electronic journals.
|
| 710 |
2 |
|
|a International Oceanographic Foundation.
|
| 710 |
2 |
|
|a Rosenstiel School of Marine and Atmospheric Science.
|
| 776 |
1 |
|
|t Sea frontiers (Virginia Key, Fla. : 1988)
|x 0897-2249
|w (DLC)sn 88000362
|w (OCoLC)17315312
|
| 856 |
4 |
0 |
|z Full text available from Research Library: 02/01/1991 to 04/30/1996
|u https://search.proquest.com/publication/25124
|